02000pam a2200301 i 4500001001900000003000600019005001700025008004100042015001900083016001800102020003100120035002100151035002600172035002200198035001800220040003500238042001600273050002400289100006000313245004200373250003600415264003800451300011300489504005100602520089900653650001901552856012701571990227748960107026UkOxU20250602120550.0200427s2021 enkab b 001 0 eng d aGBC0753792bnb7 a0198191082Uk a9781292351476q(paperback) a(UkOxU)022774896 a(UkOxU)022774896BIB01 a(OCoLC)1152061985 a(Uk)019819108 aStDuBDSbengerdacStDuBDSdUk aukblcatcopy 4aHB172.5b.B573 2021 aBlanchard, Olivier (Olivier J.)q(Olivier J.),eauthor.10aMacroeconomics c/ Olivier Blanchard. aEighth edition. Global edition. 1aHarlow, Essex :bPearson,c[2021] a539, A-16, G-10, I-9, C-1, S-1 pages :billustrations (black and white, and colour), 1 map (colour) ;c26 cm aIncludes bibliographical references and index. aIn Macroeconomics, Blanchard presents an integrated, global view of macroeconomics, enabling students to see the connections between goods markets, financial markets, and labor markets worldwide. Organised into two parts, the text contains a core section that focuses on short-, medium-, and long-run markets and two major extensions that offer more in-depth coverage of the issues at hand. From the major economic crisis that engulfed the world in the late 2000s, to monetary policy in the US, to the problems of the Euro area, and growth in China, the text helps students make sense not only of current macroeconomic events but also of those that may unfold in the future. Integrated, detailed boxes in the 8th Edition have been updated to convey the life of macroeconomics today, reinforce lessons from the models, and help students employ and develop their analytical and evaluative skills. 0aMacroeconomics uhttps://bookshelf.vitalsource.com/home/search/titles?q=macroeconomicsyMacroeconomics, Enhanced Global Edition 8th Edition